[Event "Rottach Egern Seniors Cup 12th"]
[Site "Rottach Egern"]
[Date "2024.04.11"]
[Round "6"]
[White "Heinbuch, Detlef Ulrich"]
[Black "Belke, Frank"]
[Result "1/2-1/2"]
[WhiteElo "2273"]
[BlackElo "2163"]
[PlyCount "43"]
[EventDate "2024.04.06"]
[EventType "swiss"]
[EventRounds "9"]
[EventCountry "GER"]
[SourceTitle "CB16_2024"]
[SourceDate "2024.04.17"]
[SourceVersion "1"]
[SourceVersionDate "2024.04.17"]
[SourceQuality "1"]

1. c4 e5 2. g3 Nc6 3. Bg2 g6 4. Nc3 Bg7 5. e3 d6 6. Nge2 Nf6 7. 0-0 0-0 8. b3 Bf5 9. d3 Qd7 10. Bb2 Bh3 11. e4 h5 12. Nd5 Nxd5 13. cxd5 Ne7 14. f3 Rac8 15. Qd2 c6 16. dxc6 Rxc6 17. Rac1 Rfc8 18. d4 Rxc1 19. Rxc1 Rxc1+ 20. Qxc1 Bxg2 21. Kxg2 d5 22. exd5 1/2-1/2

[Event "Rottach Egern Seniors Cup 12th"]
[Site "Rottach Egern"]
[Date "2024.04.08"]
[Round "3"]
[White "Jahn, Peter"]
[Black "Heinbuch, Detlef Ulrich"]
[Result "1/2-1/2"]
[WhiteElo "2068"]
[BlackElo "2273"]
[PlyCount "30"]
[EventDate "2024.04.06"]
[EventType "swiss"]
[EventRounds "9"]
[EventCountry "GER"]
[SourceTitle "CB16_2024"]
[SourceDate "2024.04.17"]
[SourceVersion "1"]
[SourceVersionDate "2024.04.17"]
[SourceQuality "1"]

1. d4 c5 2. d5 e5 3. Nc3 d6 4. e4 a6 5. a4 b6 6. Nf3 Bg4 7. Be2 Bxf3 8. Bxf3 Be7 9. 0-0 Nf6 10. Be3 0-0 11. Qe2 Ne8 12. Bg4 g6 13. Bh3 Ng7 14. g3 f5 15. f4 Nd7 1/2-1/2

[Event "BL2-West 1819"]
[Site "Germany"]
[Date "2019.02.03"]
[Round "6.7"]
[White "Heinbuch, Detlef Ulrich"]
[Black "Hobusch, Jan"]
[Result "1/2-1/2"]
[WhiteElo "2290"]
[BlackElo "2217"]
[PlyCount "33"]
[EventDate "2018.11.21"]
[EventType "team-tourn"]
[EventRounds "9"]
[EventCountry "GER"]
[SourceTitle "CBM 190 Extra"]
[Source "ChessBase"]
[SourceDate "2019.07.15"]
[SourceVersion "1"]
[SourceVersionDate "2019.07.15"]
[SourceQuality "1"]
[WhiteTeam "Bochum SV"]
[BlackTeam "Solingen II"]
[WhiteTeamCountry "GER"]
[BlackTeamCountry "GER"]

1. c4 c6 2. Nf3 d5 3. e3 Nf6 4. b3 Bg4 5. Bb2 e6 6. Be2 Nbd7 7. 0-0 Bd6 8. d4 0-0 9. Nbd2 Qb8 10. h3 Bh5 11. Ne1 Bg6 12. Bd3 e5 13. cxd5 cxd5 14. dxe5 Bxe5 15. Bxe5 Nxe5 16. Bxg6 hxg6 17. Nef3 1/2-1/2

[Event "Ruhrgebiet Verbandsliga Gruppe 2 1819"]
[Site "Nordrheinwestfalen"]
[Date "2018.12.02"]
[Round "4.2"]
[White "Heinbuch, Detlef Ulrich"]
[Black "Lenz, Guntram"]
[Result "1-0"]
[WhiteElo "2226"]
[BlackElo "1900"]
[PlyCount "51"]
[EventDate "2018.09.23"]
[EventType "team-tourn"]
[EventRounds "9"]
[EventCountry "GER"]
[SourceTitle "EXT 2022"]
[Source "ChessBase"]
[SourceDate "2021.10.06"]
[SourceVersion "1"]
[SourceVersionDate "2021.10.06"]
[SourceQuality "1"]
[WhiteTeam "Bochum SV II"]
[BlackTeam "Boenen SV"]
[WhiteTeamCountry "GER"]
[BlackTeamCountry "GER"]

1. d4 Nf6 2. c4 e6 3. Nf3 Bb4+ 4. Bd2 Qe7 5. g3 Nc6 6. Bg2 Bxd2+ 7. Nbxd2 0-0 8. 0-0 d6 9. e4 e5 10. d5 Nb8 11. Ne1 a5 12. Nd3 Na6 13. a3 Bd7 14. b4 axb4 15. axb4 c6 16. Qb3 cxd5 17. exd5 Bf5 18. Nb2 Qc7 19. Na4 Bd7 20. Nc3 Qb6 21. Na2 Rfc8 22. Rfc1 Ng4 23. Ne4 Nc5 24. Nxc5 Rxc5 25. h3 Nf6 26. Qe3 1-0

[Event "Oberliga NRW 1718"]
[Site "Germany"]
[Date "2017.11.19"]
[Round "3.4"]
[White "Wessendorf, Thomas"]
[Black "Heinbuch, Detlef Ulrich"]
[Result "1-0"]
[WhiteElo "2192"]
[BlackElo "2239"]
[PlyCount "65"]
[EventDate "2017.09.17"]
[EventType "team-tourn"]
[EventRounds "9"]
[EventCountry "GER"]
[SourceTitle "EXT 2019"]
[Source "ChessBase"]
[SourceDate "2018.10.10"]
[SourceVersion "1"]
[SourceVersionDate "2018.10.10"]
[SourceQuality "1"]
[WhiteTeam "Essen Katernberg"]
[BlackTeam "Bochum SV"]
[WhiteTeamCountry "GER"]
[BlackTeamCountry "GER"]

1. e4 c5 2. Nf3 Nc6 3. Bb5 g6 4. Bxc6 dxc6 5. d3 Bg4 6. Nbd2 e5 7. h3 Bxf3 8. Nxf3 f6 9. Be3 Nh6 10. Qd2 Nf7 11. Qc3 Qe7 12. Nd2 Nd8 13. f4 exf4 14. Bxf4 Ne6 15. Be3 Rd8 16. Nf3 Bg7 17. Qb3 b6 18. 0-0 0-0 19. a4 Kh8 20. Qc4 Rd6 21. Rae1 Re8 22. Bf2 Rd7 23. Bh4 Qd6 24. Bxf6 Rf7 25. e5 Qd7 26. Qh4 Ref8 27. Nd2 Bxf6 28. exf6 Nd4 29. Re7 Rxe7 30. fxe7 Ne2+ 31. Kh1 Rxf1+ 32. Nxf1 Kg7 33. Qe4 1-0

[Event "Oberliga NRW 1718"]
[Site "Germany"]
[Date "2017.10.15"]
[Round "2.4"]
[White "Heinbuch, Detlef Ulrich"]
[Black "Stillger, Bernhard"]
[Result "1/2-1/2"]
[WhiteElo "2239"]
[BlackElo "2272"]
[PlyCount "27"]
[EventDate "2017.09.17"]
[EventType "team-tourn"]
[EventRounds "9"]
[EventCountry "GER"]
[SourceTitle "EXT 2019"]
[Source "ChessBase"]
[SourceDate "2018.10.10"]
[SourceVersion "1"]
[SourceVersionDate "2018.10.10"]
[SourceQuality "1"]
[WhiteTeam "Bochum SV"]
[BlackTeam "Oberhausen"]
[WhiteTeamCountry "GER"]
[BlackTeamCountry "GER"]

1. c4 c5 2. b3 Nf6 3. Bb2 e6 4. Nf3 Be7 5. e3 0-0 6. Be2 b6 7. 0-0 Bb7 8. a3 d6 9. Nc3 Nbd7 10. d4 cxd4 11. Nxd4 a6 12. Bf3 Qc7 13. Qe2 Rac8 14. Rac1 1/2-1/2

[Event "NRW Class1 1617"]
[Site "Germany"]
[Date "2017.02.12"]
[Round "6.4"]
[White "Heinbuch, Detlef Ulrich"]
[Black "Sponheim, Marko"]
[Result "1/2-1/2"]
[WhiteElo "2303"]
[BlackElo "2038"]
[PlyCount "72"]
[EventDate "2016.09.25"]
[EventType "team-tourn"]
[EventRounds "9"]
[EventCountry "GER"]
[SourceTitle "EXT 2023"]
[Source "ChessBase"]
[SourceDate "2022.10.05"]
[SourceVersion "1"]
[SourceVersionDate "2022.10.05"]
[SourceQuality "1"]
[WhiteTeam "Bochum SV"]
[BlackTeam "Duisburg PSV"]
[WhiteTeamCountry "GER"]
[BlackTeamCountry "GER"]

1. c4 c5 2. b3 e5 3. Bb2 Nc6 4. Nc3 Nge7 5. g3 d5 6. cxd5 Nxd5 7. Bg2 Be6 8. Nf3 Be7 9. Rc1 Nxc3 10. Bxc3 f6 11. 0-0 Qd7 12. d3 Bh3 13. Re1 Bxg2 14. Kxg2 0-0 15. a3 Rfd8 16. b4 Qd5 17. Rb1 b6 18. Qb3 Qxb3 19. Rxb3 Rac8 20. bxc5 Bxc5 21. Rc1 Rc7 22. Kf1 Rdc8 23. Bd2 Nd4 24. Nxd4 Bxd4 25. Rxc7 Rxc7 26. e3 Bc5 27. Ke2 Kf7 28. f4 Ke6 29. a4 a6 30. Bc3 Rb7 31. Rb2 b5 32. axb5 axb5 33. Ra2 Ra7 34. Rb2 Rb7 35. Ra2 Ra7 36. Rb2 Rb7 1/2-1/2

[Event "NRW Class1 1617"]
[Site "Germany"]
[Date "2016.10.23"]
[Round "2.3"]
[White "Klip, Hans"]
[Black "Heinbuch, Detlef Ulrich"]
[Result "1/2-1/2"]
[WhiteElo "2346"]
[BlackElo "2303"]
[PlyCount "62"]
[EventDate "2016.09.25"]
[EventType "team-tourn"]
[EventRounds "9"]
[EventCountry "GER"]
[SourceTitle "EXT 2023"]
[Source "ChessBase"]
[SourceDate "2022.10.05"]
[SourceVersion "1"]
[SourceVersionDate "2022.10.05"]
[SourceQuality "1"]
[WhiteTeam "Plettenberg"]
[BlackTeam "Bochum SV"]
[WhiteTeamCountry "GER"]
[BlackTeamCountry "GER"]

1. e4 c6 2. Ne2 d5 3. e5 c5 4. d4 cxd4 5. Nxd4 e6 6. Nd2 Ne7 7. N2f3 Nec6 8. c3 Nxd4 9. cxd4 Nc6 10. Bd3 Bb4+ 11. Kf1 Be7 12. h4 Bd7 13. a3 a5 14. Be3 Qb6 15. Qe2 Na7 16. Bg5 Bf8 17. a4 Nc6 18. Bb5 h6 19. Be3 Na7 20. Bxd7+ Kxd7 21. Kg1 Nc6 22. h5 Qa6 23. Qd1 Rc8 24. Rh4 Nb4 25. Ne1 Ke8 26. Rg4 Rc7 27. Rg3 Qb6 28. Ra3 Nc2 29. Rc3 Rxc3 30. bxc3 Nxe1 31. Qxe1 Qb3 1/2-1/2

[Event "Ruhrgebiet Regionalliga 1516"]
[Site "Germany"]
[Date "2015.11.15"]
[Round "3.3"]
[White "Marx, Henning"]
[Black "Heinbuch, Detlef Ulrich"]
[Result "0-1"]
[WhiteElo "2001"]
[BlackElo "2233"]
[PlyCount "92"]
[EventDate "2015.09.13"]
[EventType "team-tourn"]
[EventRounds "9"]
[EventCountry "GER"]
[SourceTitle "EXT 2022"]
[Source "ChessBase"]
[SourceDate "2021.10.06"]
[SourceVersion "1"]
[SourceVersionDate "2021.10.06"]
[SourceQuality "1"]
[WhiteTeam "Bochum-Linden"]
[BlackTeam "Bochum SV"]
[WhiteTeamCountry "GER"]
[BlackTeamCountry "GER"]

1. d4 c5 2. c3 e6 3. Nf3 Nf6 4. Bg5 b6 5. e3 Bb7 6. Bd3 Be7 7. Nbd2 d6 8. 0-0 Nbd7 9. Qa4 a6 10. Rfe1 b5 11. Qc2 Rc8 12. Qd1 Nb6 13. Qe2 Nfd5 14. Bxe7 Qxe7 15. Rac1 0-0 16. dxc5 Rxc5 17. Ne4 Rc7 18. Rcd1 g6 19. Nfd2 f5 20. Ng3 Nf6 21. Rc1 d5 22. Bc2 Kg7 23. f3 Nfd7 24. Kh1 Ne5 25. Qf2 Nbd7 26. Qe2 h5 27. a4 h4 28. Ngf1 b4 29. f4 bxc3 30. bxc3 Nf7 31. Bd3 Nc5 32. h3 Nxa4 33. c4 Rfc8 34. Nf3 Nd6 35. Ra1 dxc4 36. Rxa4 cxd3 37. Qxd3 Ne4 38. Rxe4 Bxe4 39. Qd4+ Qf6 40. Ne5 Rd8 41. Qb6 Rc2 42. Nf3 Bxf3 43. gxf3 e5 44. Qb7+ Kh6 45. e4 exf4 46. Rb1 Qg5 0-1

[Event "Ruhrgebiet Regionalliga 1415"]
[Site "Germany"]
[Date "2015.04.12"]
[Round "8.2"]
[White "Heinbuch, Detlef Ulrich"]
[Black "Langers, Alexander"]
[Result "1-0"]
[WhiteElo "2210"]
[BlackElo "2166"]
[PlyCount "165"]
[EventDate "2014.09.28"]
[EventType "team-tourn"]
[EventRounds "9"]
[EventCountry "GER"]
[SourceTitle "EXT 2022"]
[Source "ChessBase"]
[SourceDate "2021.10.06"]
[SourceVersion "1"]
[SourceVersionDate "2021.10.06"]
[SourceQuality "1"]
[WhiteTeam "Bochum SV II"]
[BlackTeam "Herne Sodingen"]
[WhiteTeamCountry "GER"]
[BlackTeamCountry "GER"]

1. c4 c5 2. g3 Nf6 3. Bg2 d5 4. cxd5 Nxd5 5. Nc3 Nc7 6. a3 e5 7. Nf3 Nc6 8. 0-0 Be7 9. b4 a6 10. bxc5 Bxc5 11. Bb2 Bf5 12. Na4 Bd6 13. Nb6 Rb8 14. Nc4 Be4 15. Bxe5 Nxe5 16. Ncxe5 0-0 17. Nc4 Be7 18. d3 Bxf3 19. Bxf3 Bf6 20. Rb1 b5 21. Na5 Qd6 22. Qb3 Ne6 23. e3 Qb6 24. Nc6 Rbc8 25. Rfc1 Nc5 26. Qd5 Na4 27. d4 Qc7 28. Rc2 Nb6 29. Qb3 g6 30. Rbc1 Qd7 31. Nb4 Rxc2 32. Rxc2 Qa7 33. Kg2 Rc8 34. Rxc8+ Nxc8 35. Qc2 Nb6 36. Qc6 Be7 37. Qe8+ Bf8 38. Nc6 Qc7 39. Nb4 Qa7 40. Nd3 Qc7 41. Nc5 Qa7 42. h4 h5 43. e4 Qe7 44. Qc6 Qd6 45. Qxd6 Bxd6 46. e5 Be7 47. Nxa6 Bxa3 48. Nc7 b4 49. Bd1 Bb2 50. Nb5 Nd5 51. Bb3 Ne7 52. f4 Nf5 53. d5 Kf8 54. d6 Nd4 55. d7 Nc6 56. Na7 Nd8 57. Nc8 Bd4 58. Kf3 Bc5 59. Bd5 Bd4 60. g4 hxg4+ 61. Kxg4 Bf2 62. Kg5 Kg7 63. Bb3 Bd4 64. Kg4 Kf8 65. Bc4 Bf2 66. Kg5 Kg7 67. Nd6 Bb6 68. Nc8 Bd4 69. Kg4 Kf8 70. h5 gxh5+ 71. Kxh5 Bc5 72. Bd5 Be7 73. f5 Bc5 74. Kg5 Be3+ 75. Kg4 Bg1 76. f6 Bd4 77. Kf5 Bc5 78. Bb3 Nc6 79. Bc4 Nd8 80. Bd5 Kg8 81. Ne7+ Kf8 82. Nc6 Nb7 83. Nxb4 1-0

[Event "Ruhrgebiet Regionalliga 1415"]
[Site "Germany"]
[Date "2014.10.26"]
[Round "2"]
[White "Heinbuch, Detlef Ulrich"]
[Black "Koehn, Peter"]
[Result "1/2-1/2"]
[WhiteElo "2210"]
[BlackElo "2221"]
[PlyCount "132"]
[EventDate "2014.09.28"]
[EventType "team-tourn"]
[EventRounds "9"]
[EventCountry "GER"]
[SourceTitle "EXT 2022"]
[Source "ChessBase"]
[SourceDate "2021.10.06"]
[SourceVersion "1"]
[SourceVersionDate "2021.10.06"]
[SourceQuality "1"]
[WhiteTeam "Bochum SV II"]
[BlackTeam "Wattenscheid SV II"]
[WhiteTeamCountry "GER"]
[BlackTeamCountry "GER"]

1. c4 c5 2. Nf3 d6 3. d4 cxd4 4. Nxd4 e6 5. Nc3 Nf6 6. e4 Be7 7. Be2 a6 8. 0-0 0-0 9. Be3 Qc7 10. Qd2 b6 11. f3 Bb7 12. Rfc1 Nbd7 13. a4 Rad8 14. a5 bxa5 15. Nb3 Ba8 16. Nxa5 Qb8 17. Rd1 Rfe8 18. Kh1 Ne5 19. Bd4 d5 20. exd5 exd5 21. c5 Nc4 22. Qc2 Qxb2 23. Qxb2 Nxb2 24. Rd2 Nc4 25. Bxc4 dxc4 26. Nxc4 Bd5 27. Nd6 Bxd6 28. Bxf6 gxf6 29. cxd6 Bc6 30. Kg1 Re6 31. Rxa6 Rexd6 32. Rxd6 Rxd6 33. Kf2 Re6 34. Rb6 Kg7 35. Ne2 Bd5 36. Rb8 Ra6 37. Nf4 Ra8 38. Rb6 Ra2+ 39. Kg3 Be6 40. h4 Rc2 41. Nxe6+ fxe6 42. Rxe6 h5 43. Re3 Kg6 44. Ra3 Rb2 45. Kh3 Rb1 46. g4 Rh1+ 47. Kg3 Rg1+ 48. Kf4 Rh1 49. Kg3 Rg1+ 50. Kh2 Rb1 51. Rd3 Ra1 52. Rd5 hxg4 53. fxg4 Ra2+ 54. Kg3 Ra3+ 55. Kf4 Ra4+ 56. Kf3 Ra3+ 57. Ke4 Rh3 58. h5+ Kf7 59. Rd7+ Ke6 60. Rg7 Rh2 61. Kf4 Rh3 62. Ra7 Rh1 63. Rc7 Rh3 64. Rh7 Rh4 65. Kg3 Rh1 66. h6 f5 1/2-1/2

[Event "Ruhrgebiet Regionalliga 1314"]
[Site "Ruhrgebiet"]
[Date "2014.03.02"]
[Round "7.1"]
[White "Loyen, Egbert"]
[Black "Heinbuch, Detlef Ulrich"]
[Result "1/2-1/2"]
[WhiteElo "2198"]
[BlackElo "2205"]
[PlyCount "59"]
[EventDate "2013.09.22"]
[EventType "team-tourn"]
[EventRounds "9"]
[EventCountry "GER"]
[SourceTitle "EXT 2024"]
[Source "ChessBase"]
[SourceDate "2023.10.10"]
[SourceVersion "1"]
[SourceVersionDate "2023.10.10"]
[SourceQuality "1"]
[WhiteTeam "Borbeck Weisse Dame"]
[BlackTeam "Bochum II"]
[WhiteTeamCountry "GER"]
[BlackTeamCountry "GER"]

1. Nf3 c5 2. g3 Nc6 3. Bg2 g6 4. d4 cxd4 5. Nxd4 Bg7 6. Nxc6 bxc6 7. 0-0 Qc7 8. Nd2 Nf6 9. Nb3 0-0 10. Bd2 d6 11. Ba5 Qb7 12. Bc3 Bd7 13. e4 Rad8 14. Re1 Ng4 15. Bxg7 Kxg7 16. Qd4+ f6 17. c4 c5 18. Qc3 Qc7 19. f4 e5 20. h3 Nh6 21. Re2 Nf7 22. Rf1 Rde8 23. Rd2 Re7 24. Nc1 Bc6 25. f5 Be8 26. fxg6 hxg6 27. Qe3 Ng5 28. Ne2 Ne6 29. Nc3 Bc6 30. Rdf2 1/2-1/2

[Event "Ruhrgebiet Regionalliga 1314"]
[Site "Ruhrgebiet"]
[Date "2013.11.10"]
[Round "3.1"]
[White "Heinbuch, Detlef Ulrich"]
[Black "Topolewski, Dirk"]
[Result "1/2-1/2"]
[WhiteElo "2205"]
[BlackElo "2148"]
[PlyCount "65"]
[EventDate "2013.09.22"]
[EventType "team-tourn"]
[EventRounds "9"]
[EventCountry "GER"]
[SourceTitle "EXT 2024"]
[Source "ChessBase"]
[SourceDate "2023.10.10"]
[SourceVersion "1"]
[SourceVersionDate "2023.10.10"]
[SourceQuality "1"]
[WhiteTeam "Bochum II"]
[BlackTeam "Gerthe Werne"]
[WhiteTeamCountry "GER"]
[BlackTeamCountry "GER"]

1. c4 e5 2. g3 h5 3. h4 d5 4. cxd5 Qxd5 5. Nf3 Nc6 6. Nc3 Qd6 7. Bg2 Nf6 8. a3 Bg4 9. Ng5 Be7 10. d3 0-0 11. 0-0 Rad8 12. Be3 a6 13. Re1 Bc8 14. Nge4 Nxe4 15. dxe4 Qxd1 16. Rexd1 Rxd1+ 17. Rxd1 Rd8 18. Nd5 Bd6 19. Bf3 Bg4 20. Bxg4 hxg4 21. Kg2 Kf8 22. Bd2 Nd4 23. Kf1 Nb3 24. Bc3 Nc5 25. Ne3 f6 26. f3 gxf3 27. exf3 Ne6 28. Nf5 Bc5 29. Rxd8+ Nxd8 30. h5 Ne6 31. Ke2 Kf7 32. Kd3 b5 33. Bd2 1/2-1/2

[Event "Ruhrgebiet Verbandsliga1 1213"]
[Site "Nordrheinwestfalen"]
[Date "2013.01.27"]
[Round "6.1"]
[White "Jelica, Mara"]
[Black "Heinbuch, Detlef Ulrich"]
[Result "1-0"]
[WhiteElo "2227"]
[BlackElo "2208"]
[PlyCount "65"]
[EventDate "2012.09.02"]
[EventType "team-tourn"]
[EventRounds "9"]
[EventCountry "GER"]
[SourceTitle "EXT 2020"]
[Source "ChessBase"]
[SourceDate "2019.10.17"]
[SourceVersion "1"]
[SourceVersionDate "2019.10.17"]
[SourceQuality "1"]
[WhiteTeam "Dortmund FS 98"]
[BlackTeam "Bochum SV II"]
[WhiteTeamCountry "GER"]
[BlackTeamCountry "GER"]

1. e4 c6 2. d4 d5 3. Nd2 dxe4 4. Nxe4 Nd7 5. Nf3 Ngf6 6. Nxf6+ Nxf6 7. Bc4 e6 8. Bg5 Be7 9. 0-0 0-0 10. Qe2 a5 11. a4 Nd5 12. Bxe7 Qxe7 13. Bxd5 cxd5 14. Ne5 b6 15. Rfe1 Ba6 16. Qg4 Rfe8 17. Re3 f6 18. Nf3 Qd6 19. Rae1 Bc8 20. Qh5 Bd7 21. b3 Rac8 22. R1e2 Qf4 23. g3 Qd6 24. Nh4 Qf8 25. Rd2 Qb4 26. Qd1 Rc3 27. Rde2 Rxe3 28. Rxe3 Rc8 29. Ng2 Qd6 30. Nf4 Rc7 31. Qe2 Kf7 32. Qh5+ Kg8 33. Rxe6 1-0

[Event "Ruhrgebiet Verbandsliga1 1213"]
[Site "Nordrheinwestfalen"]
[Date "2013.01.13"]
[Round "5.1"]
[White "Heinbuch, Detlef Ulrich"]
[Black "Kuerschners, Stefan"]
[Result "1/2-1/2"]
[WhiteElo "2208"]
[BlackElo "1969"]
[PlyCount "37"]
[EventDate "2012.09.02"]
[EventType "team-tourn"]
[EventRounds "9"]
[EventCountry "GER"]
[SourceTitle "EXT 2020"]
[Source "ChessBase"]
[SourceDate "2019.10.17"]
[SourceVersion "1"]
[SourceVersionDate "2019.10.17"]
[SourceQuality "1"]
[WhiteTeam "Bochum SV II"]
[BlackTeam "Oberhausen SV III"]
[WhiteTeamCountry "GER"]
[BlackTeamCountry "GER"]

1. d4 d5 2. c4 c6 3. cxd5 cxd5 4. Nf3 Nf6 5. Nc3 Nc6 6. Bf4 Ne4 7. e3 Nxc3 8. bxc3 g6 9. Be2 Bg7 10. 0-0 0-0 11. h3 a6 12. a4 Na5 13. Qb1 Bd7 14. Rc1 Rc8 15. Nd2 Re8 16. Bg3 Bc6 17. Qb4 Bf8 18. Qb2 e6 19. Bd3 1/2-1/2

[Event "Ruhrgebiet Verbandsliga1 1213"]
[Site "Nordrheinwestfalen"]
[Date "2012.09.30"]
[Round "2.1"]
[White "Schreck, Roland"]
[Black "Heinbuch, Detlef Ulrich"]
[Result "1/2-1/2"]
[WhiteElo "2183"]
[BlackElo "2208"]
[PlyCount "79"]
[EventDate "2012.09.02"]
[EventType "team-tourn"]
[EventRounds "9"]
[EventCountry "GER"]
[SourceTitle "EXT 2020"]
[Source "ChessBase"]
[SourceDate "2019.10.17"]
[SourceVersion "1"]
[SourceVersionDate "2019.10.17"]
[SourceQuality "1"]
[WhiteTeam "Bochum-Linden-Dahlhausen"]
[BlackTeam "Bochum SV II"]
[WhiteTeamCountry "GER"]
[BlackTeamCountry "GER"]

1. c4 c5 2. Nc3 b6 3. Nf3 Bb7 4. g3 Bxf3 5. exf3 Nc6 6. Bg2 g6 7. 0-0 Bg7 8. Re1 e6 9. d3 Nge7 10. Bg5 0-0 11. Qd2 a6 12. Rab1 Rb8 13. b3 Qc7 14. Bf4 d6 15. Ne4 Rbd8 16. Bh6 d5 17. Bxg7 Kxg7 18. Qb2+ Nd4 19. Nc3 Kg8 20. f4 Rd6 21. cxd5 Nxd5 22. Nxd5 exd5 23. Re5 Rfd8 24. Rc1 Qd7 25. Rce1 Kf8 26. f5 f6 27. R5e3 Qxf5 28. b4 Qd7 29. bxc5 bxc5 30. Qc1 Rc8 31. Re7 Qxe7 32. Rxe7 Kxe7 33. Qh6 f5 34. Qxh7+ Kf6 35. Qh4+ Ke6 36. Qh7 Kf6 37. Qh4+ Ke6 38. Qh7 Kf6 39. Qh4+ Ke6 40. Qh7 1/2-1/2

[Event "Ruhrgebiet Verbandsliga2 1112"]
[Site "Nordrheinwestfalen"]
[Date "2012.04.22"]
[Round "9.1"]
[White "Heinbuch, Detlef Ulrich"]
[Black "Knol, Geon"]
[Result "1-0"]
[WhiteElo "2217"]
[BlackElo "2069"]
[PlyCount "67"]
[EventDate "2011.09.18"]
[EventType "team-tourn"]
[EventRounds "9"]
[EventCountry "GER"]
[SourceTitle "EXT 2020"]
[Source "ChessBase"]
[SourceDate "2019.10.17"]
[SourceVersion "1"]
[SourceVersionDate "2019.10.17"]
[SourceQuality "1"]
[WhiteTeam "Bochum SV II"]
[BlackTeam "Recklinghausen Altstadt"]
[WhiteTeamCountry "GER"]
[BlackTeamCountry "GER"]

1. c4 c6 2. b3 b5 3. e3 bxc4 4. bxc4 Nf6 5. Bb2 g6 6. Bxf6 exf6 7. Nc3 Bg7 8. g3 0-0 9. Bg2 f5 10. Nge2 Na6 11. Rb1 Nc7 12. Qa4 h5 13. h4 Ne6 14. 0-0 Nc5 15. Qa3 Ne4 16. Nxe4 fxe4 17. Bxe4 d5 18. cxd5 cxd5 19. Bg2 Bf5 20. Rb5 Be4 21. d3 a6 22. Rb7 Bxg2 23. Kxg2 d4 24. e4 Qc8 25. Rfb1 Qg4 26. f3 Qc8 27. Qb3 Qc5 28. Rc1 Qd6 29. Rcc7 Qf6 30. Nf4 Bh6 31. Nd5 Qg7 32. f4 Rad8 33. e5 Kh8 34. Nf6 1-0

[Event "Ruhrgebiet Verbandsliga2 1112"]
[Site "Nordrheinwestfalen"]
[Date "2012.03.25"]
[Round "8"]
[White "Hassenrueck, Helmut"]
[Black "Heinbuch, Detlef Ulrich"]
[Result "1-0"]
[WhiteElo "2149"]
[BlackElo "2217"]
[PlyCount "75"]
[EventDate "2011.09.18"]
[EventType "team-tourn"]
[EventRounds "9"]
[EventCountry "GER"]
[SourceTitle "EXT 2020"]
[Source "ChessBase"]
[SourceDate "2019.10.17"]
[SourceVersion "1"]
[SourceVersionDate "2019.10.17"]
[SourceQuality "1"]
[WhiteTeam "Gladbeck SG"]
[BlackTeam "Bochum SV II"]
[WhiteTeamCountry "GER"]
[BlackTeamCountry "GER"]

1. d4 d5 2. Nf3 Nf6 3. c4 dxc4 4. e3 e6 5. Bxc4 a6 6. 0-0 c5 7. Bb3 Nc6 8. Nc3 b5 9. d5 exd5 10. a4 Rb8 11. axb5 axb5 12. Nxd5 c4 13. Nxf6+ Qxf6 14. Bc2 Nb4 15. Bb1 Bc5 16. e4 h6 17. e5 Qb6 18. Bf4 Be6 19. Qe2 Rd8 20. Be3 Bxe3 21. fxe3 Qc5 22. Ra5 Nc6 23. Ra6 0-0 24. Qc2 Rd3 25. Qf2 Nb4 26. Bxd3 Nxa6 27. Bb1 Nb4 28. Qd2 Re8 29. Qd4 Qxd4 30. exd4 Bd5 31. Nd2 Nc6 32. Rf4 Rd8 33. Kf2 Be6 34. Nf3 g5 35. Rf6 Kg7 36. Ke3 g4 37. Be4 Nxd4 38. Nxd4 1-0

[Event "Ruhrgebiet Verbandsliga2 1112"]
[Site "Nordrheinwestfalen"]
[Date "2012.03.04"]
[Round "7.1"]
[White "Heinbuch, Detlef Ulrich"]
[Black "Gohla, Ulf"]
[Result "1/2-1/2"]
[WhiteElo "2217"]
[BlackElo "2199"]
[PlyCount "62"]
[EventDate "2011.09.18"]
[EventType "team-tourn"]
[EventRounds "9"]
[EventCountry "GER"]
[SourceTitle "EXT 2020"]
[Source "ChessBase"]
[SourceDate "2019.10.17"]
[SourceVersion "1"]
[SourceVersionDate "2019.10.17"]
[SourceQuality "1"]
[WhiteTeam "Bochum SV II"]
[BlackTeam "Wattenscheid SV IV"]
[WhiteTeamCountry "GER"]
[BlackTeamCountry "GER"]

1. c4 e5 2. g3 Nf6 3. Bg2 d5 4. cxd5 Nxd5 5. Nc3 Nb6 6. d3 Be7 7. Nf3 Nc6 8. 0-0 0-0 9. a3 Be6 10. b4 a5 11. b5 Nd4 12. Bb2 f6 13. Nd2 c6 14. bxc6 Nxc6 15. Na4 Rb8 16. Bxc6 bxc6 17. Bc3 Nd5 18. Qc2 Nxc3 19. Qxc3 Qd4 20. Qxd4 exd4 21. Rfc1 Bd5 22. Nc4 Rb5 23. Nab6 Be6 24. Na4 Rfb8 25. Nd2 Bd5 26. f4 Kf7 27. Kf2 Ke6 28. Rc2 Kd7 29. Rcc1 Ke6 30. Rc2 Kd7 31. Rcc1 Ke6 1/2-1/2

[Event "Ruhrgebiet Verbandsliga2 1112"]
[Site "Nordrheinwestfalen"]
[Date "2011.12.11"]
[Round "4.1"]
[White "Kemna, Martin"]
[Black "Heinbuch, Detlef Ulrich"]
[Result "1-0"]
[WhiteElo "1946"]
[BlackElo "2217"]
[PlyCount "57"]
[EventDate "2011.09.18"]
[EventType "team-tourn"]
[EventRounds "9"]
[EventCountry "GER"]
[SourceTitle "EXT 2020"]
[Source "ChessBase"]
[SourceDate "2019.10.17"]
[SourceVersion "1"]
[SourceVersionDate "2019.10.17"]
[SourceQuality "1"]
[WhiteTeam "Dortmund Hansa IV"]
[BlackTeam "Bochum SV II"]
[WhiteTeamCountry "GER"]
[BlackTeamCountry "GER"]

1. e4 c5 2. c4 Nc6 3. Nc3 g6 4. g3 Bg7 5. Bg2 Nf6 6. Nge2 0-0 7. h3 Ne8 8. d3 Nc7 9. Be3 Ne6 10. h4 Ned4 11. h5 d6 12. Qd2 Re8 13. hxg6 fxg6 14. Bh6 Bh8 15. Be3 Rf8 16. Nf4 Bg7 17. Nfd5 Bg4 18. Bxd4 Nxd4 19. Qg5 Bh5 20. Nxe7+ Kf7 21. Qd5+ Ke8 22. Nf5 gxf5 23. Rxh5 Nc2+ 24. Ke2 Nxa1 25. Nb5 Rf6 26. Qg8+ Bf8 27. Rxh7 Rc8 28. Bf3 Qa5 29. Nxd6+ 1-0